000 00479cam a2200145 4500500
005 20260405003317.0
041 _afre
042 _adc
100 1 0 _aCampana, Marie-Noëlle
_eauthor
245 0 0 _aChristian Bobin, L’Homme-joie , L’iconoclaste, 2012, 192 pages, 17 €
260 _c2013.
500 _a35
786 0 _nÉtudes | 418 | 1 | 2013-01-01 | p. X-X | 0014-1941
856 4 1 _uhttps://shs.cairn.info/revue-etudes-2013-1-page-X?lang=fr&redirect-ssocas=7080
999 _c2066372
_d2066372